Statistiche per Riconosci il Pokémon - Quiz n°14

Clicka qui per fare il quiz!

Statistiche generali

  • Questo quiz è stato fatto 2 volte
  • Il punteggio medio è 6 su 10

Statistiche sulle risposte

IndizioRisposta% Corretto
GenerazioneQuinta
100%
Altezza0,4 m
50%
Tasso di cattura200 (36.6%)
50%
Sesso50% ♂, 50% ♀
50%
TipoColeottero
50%
Peso
7,7 kg
50%
Stadio evoluzioneForma Base
50%
AbilitàIdratazione; Guscioscudo; Coprocapo
50%
Tasso di allevamentoMedio-Veloce
50%
PokémonShelmet
50%

Distribuzione punteggi

Percentile per numero di risposta

Percentuale di utenti per punteggio

I tuoi punteggi nel tempo

Non hai fatto questo quiz